| 000 | 01363nam0a2200301 4500 | ||
|---|---|---|---|
| 001 | RU\NLR\BIBL_A\011879430 | ||
| 005 | 20250626143327.0 | ||
| 035 | _a(NLR Aleph) 011879430 | ||
| 090 |
_a12242236 _c12242236 |
||
| 100 | _a20181203d1982 |||y0rusy50 ca | ||
| 101 | 0 | _ache | |
| 102 | _aRU | ||
| 105 | _aa j 000 y | ||
| 200 | 1 |
_aДешаран книжкий, грамматикий _e1-чу классана _fМ. Умаров, У. Гайсултанов, А. Мациев, Э. Солтаханов |
|
| 205 | _aАрахецна 6-гIа | ||
| 210 |
_aГрозный _cНохч-ГIалгIайн кн. изд-во _d1982 |
||
| 215 |
_a238 с. _cил. _d22 |
||
| 541 | 1 |
_aКнига чтения и грамматика _eдля 1 кл. _zrus |
|
| 606 | 1 |
_aЧеченский язык _jКниги для чтения _91149433 _3RU\NLR\AUTH\66458569 |
|
| 686 | 1 | _aШ160.311-94 | |
| 701 | 1 |
_4070 _aУмаров _bМ. У. _f1924-1997 _gМухари Умарович _9147557 _3RU\NLR\AUTH\770147593 |
|
| 701 | 1 |
_aГайсултанов _bУ.Э. _f1920-1980 _gУмар Эдилсултанович _4070 |
|
| 701 | 1 |
_aМациев _bА.Г. _f1902-1968 _gАхмат Гехаевич _4070 |
|
| 701 | 1 |
_aСолтаханов _bЭ. Х. _gЭльбек Хусейнович _4070 |
|
| 852 |
_aNLR _bОНЛ _jЧеч./3-683 |
||
| 942 | _cBOOK | ||
| 980 | _aNB | ||